000 01461nam a2200433 c 4500
001 8355
003 ES-MaCES
005 20150925133832.0
008 990222s1997 sp d 000 | spa d
017 _aM 41872-1997
_bDL
020 _a8447009890
035 _aCES19990001977m
040 _aES-MaCES
_bspa
_cES-MaCES
100 1 _aÁlvarez Pelegry, Eloy
_96156
245 1 0 _aEconomía industrial del sector eléctrico
_b: estructura y regulación
_cEloy Álvarez Pelegry
250 _a1ª ed
260 _aMadrid
_bCivitas
_bUnión Fenosa
_c1997
300 _a408 p.
_bgráf.
_c24 cm
490 1 _aBiblioteca Cívitas Economía y empresa. Colección Economía. Serie especial
504 _aBibliogr.: p. 395-408
541 _cCompra
650 4 _aeconomía industrial
_927619
650 4 _aindustria eléctrica
_930787
650 4 _aempresa industrial
_927632
650 4 _aservicios públicos
_927230
650 4 _amercado
_927899
650 4 _amonopolio
_928183
650 4 _aintegración vertical
_928186
650 4 _aeconomía de escala
_929415
650 4 _aestudio de casos
_928846
650 4 _arégimen jurídico
_929894
653 1 0 _aIndustria-Energía
650 4 _927897
_acompetencia
710 2 _aUnión Fenosa
_eed.
_95140
830 0 _aBiblioteca Cívitas Economía y empresa
_pColección Economía. Serie especial
_933018
902 _aLIB Libro
942 _2CES
_cBK
_h5.2.
999 _c8355
_d8355